000 01399nam0a2200301 i 4500
001 RU\NLR\BIBL_A\010527110
005 20260407221934.0
010 _a9785946916486
_91000
021 _aRU
_b2014-66910
_94085
035 _a(NLR Aleph) 010527110
090 _a10240240
_c10240240
100 _a20141111d2014 u y0rusy50 ca
101 0 _arus
102 _aRU
105 _aac||z|||010zy
200 1 _aВеликой Победе - 70 лет
_eсборник [поэтических и прозаических произведений авторов разных поколений] литобъединения "Кунцево"
_f[редкол.: П. И. Сабаев и др.]
210 _aМосква
_cГраница
_d2014
215 _a205 с.
_cил., портр.
_d22
327 1 _aСодерж.: разделы: Фронтовики; Труженники тыла, ветераны труда; Великое свято - жизнь продолжается; Известные лица о Второй мировой войне
686 2 _aШ6(2=Р)8-999
686 2 _aШ6(2=Р)8-98
702 1 _aСабаев
_bП. И.
_4340
712 0 2 _4570
_a"Кунцево", литературное объединение
_cМосква
_3RU\NLR\AUTH\8810149043
_9792621
942 _cBOOK
980 _aNBR